| 000 | 00563cam a2200169 4500 | ||
|---|---|---|---|
| 001 | 1904 | ||
| 005 | 20181127164212.0 | ||
| 008 | 770426s1953 enk b 001 0 eng | ||
| 010 | _a 54024202 | ||
| 100 | 1 |
_aCavendish, Anthony Pike, _d1916- |
|
| 245 | 0 | 0 |
_aIntroduction to symbolic logic / _cA. H. Basson. |
| 260 |
_aLondon : _bUniversity Tutorial Press, _c1953. |
||
| 300 |
_a169 p. ; _c19 cm. |
||
| 650 | 0 | _aLogic, Symbolic and mathematical. | |
| 700 |
_aD. J. O'Connor. _b _c _d _e _k _l _m _n _o _p _q _r _s _t |
||
| 700 | 1 |
_aO'Connor, D. J. _q(Daniel John), _d1914- _ejoint author. |
|
| 999 |
_c1465 _d1465 |
||